Coca-Cola und Co. : die Dingwelt der Pop Art und die Möglichkeiten der ikonologischen Interpretation

"Pop Art gilt den meisten Kunstinteressenten bis heute als eine Art Unterhaltungskultur, die mit Dingen der US-Warenwelt ihr amüsiertes und amüsantes Spiel trieb. Tobias Lander jedoch hat mit seiner glänzend geschriebenen Dissertation den Werken der Pop Art ein für allemal den Anschein von...

Ausführliche Beschreibung

Gespeichert in:
Bibliographische Detailangaben
VerfasserIn: Lander, Tobias (VerfasserIn)
Dokumenttyp: Hochschulschrift Buch
Sprache:German
Veröffentlicht: Petersberg : Imhof , 2012
Schlagwörter:
Online Zugang:Inhaltsverzeichnis
Bibliogr. Hinweis:Rezensiert in: [Rezension von: Tobias Lander, Coca-Cola & Co. Die Dingwelt der Pop Art und die Möglichkeiten der ikonologischen Interpretation]
Verantwortlich:Tobias Lander
LEADER 05624cam a2200865 c 4500
001 661732789
003 DE-627
005 20260616223610.0
007 tu
008 110608s2012 gw ||||| m 00| ||ger c
010 |a  2012465982 
015 |a 11,N23  |2 dnb 
015 |a 11,N23  |2 dnb 
016 7 |a 1012159191  |2 DE-101 
020 |a 9783865681355  |q Gb. : ca. EUR 89.00 (DE), ca. EUR 80.20 (AT), ca. sfr 109.00 (freier Pr.)  |9 978-3-86568-135-5 
020 |a 3865681352  |9 3-86568-135-2 
024 3 |a 9783865681355 
035 |a (DE-627)661732789 
035 |a (DE-603)28952489X 
035 |a (DE-576)346003601 
035 |a (DE-599)DNB1012159191 
035 |a (OCoLC)813410857 
035 |a (OCoLC)740961469 
035 |a (OCoLC)805858129 
035 |a (OCoLC)805928771 
035 |a (OCoLC)731901642 
040 |a DE-627  |b ger  |c DE-627  |e rakwb 
041 |a ger 
044 |c XA-DE-HE 
050 0 |a N6494.P6 
082 0 |a 700  |q BSZ 
082 0 |a 709.04071 
082 0 4 |a 700  |q DNB 
084 |a 9,11  |2 ssgn 
084 |a LH 65829  |q OBV  |2 rvk  |0 (DE-625)rvk/94562:13113 
084 |a LO 94035  |q OBV  |2 rvk  |0 (DE-625)rvk/105705: 
084 |a LH 65828  |2 rvk  |0 (DE-625)rvk/94562:13112 
084 |a 21.99  |2 bkl 
084 |a 20.24  |2 bkl 
100 1 |a Lander, Tobias  |d 1969-  |0 (DE-588)124887783  |0 (DE-627)367435004  |0 (DE-576)186739230  |4 aut 
245 1 0 |a Coca-Cola und Co.  |b die Dingwelt der Pop Art und die Möglichkeiten der ikonologischen Interpretation  |c Tobias Lander 
246 3 0 |a Coca Cola 
246 3 3 |a Die Dingwelt der Pop Art 
246 3 3 |a Die Dingwelt der Pop Art und die Möglichkeiten der ikonologischen Interpretation 
264 1 |a Petersberg  |b Imhof  |c 2012 
300 |a 400 S.  |b zahlr. Ill.  |c 31 cm 
336 |a Text  |b txt  |2 rdacontent 
337 |a ohne Hilfsmittel zu benutzen  |b n  |2 rdamedia 
338 |a Band  |b nc  |2 rdacarrier 
502 |a Zugl.: Freiburg i. Br., Univ., Diss., 2009 
505 8 |a Literaturverz. S. 383 - 398 
520 |a "Pop Art gilt den meisten Kunstinteressenten bis heute als eine Art Unterhaltungskultur, die mit Dingen der US-Warenwelt ihr amüsiertes und amüsantes Spiel trieb. Tobias Lander jedoch hat mit seiner glänzend geschriebenen Dissertation den Werken der Pop Art ein für allemal den Anschein von Trivialität und blossem 'fun' genommen. Und dies mit den einfachsten und stichhaltigsten Mitteln, welche die kunstgeschichtliche Disziplin bereitstellt: dem genauen Erfassen und Bestimmen der von Pop-Künstlern wiedergegebenen Gegenstände, ihrer Einordnung in die Motivgeschichte und schliesslich ihrer Kontextualisierung im zeitgeschichtlichen Feld von Konsum und Konsumkritik, Politik und Politikkritik, Sex und Glamour, Künstlerlaune und Künstlerwettstreit. Hat man die Arbeit gelesen, hat man ein neues, seriöses Bild der Pop Art gewonnen, frei von aller Oberflächlichkeit und Flapsigkeit, den vordergründigen Motiven einer banalen Alltagskultur zum Trotz."-- Wilhelm Schlink 
583 1 |a Archivierung/Langzeitarchivierung gewährleistet  |c 20211213  |f DISS  |x XA-DE-BW  |2 pdager  |5 DE-25 
583 1 |a Archivierung prüfen  |c 20240324  |f DE-4165  |z 2  |2 pdager 
583 1 |a Archivierung/Langzeitarchivierung gewährleistet  |f PEHE  |2 pdager  |5 DE-66 
650 0 |a Pop art 
655 7 |a Hochschulschrift  |0 (DE-588)4113937-9  |0 (DE-627)105825778  |0 (DE-576)209480580  |2 gnd-content 
689 0 0 |d s  |0 (DE-588)4076259-2  |0 (DE-627)106083325  |0 (DE-576)209201320  |a Pop-Art  |2 gnd 
689 0 1 |d s  |0 (DE-588)4161251-6  |0 (DE-627)104668482  |0 (DE-576)209864338  |a Ikonologie  |2 gnd 
689 0 |5 DE-101 
751 |a Freiburg im Breisgau  |0 (DE-588)4018272-1  |0 (DE-627)106326686  |0 (DE-576)208923535  |4 uvp 
787 0 8 |i Rezensiert in  |a Weyandt, Barbara  |t [Rezension von: Tobias Lander, Coca-Cola & Co. Die Dingwelt der Pop Art und die Möglichkeiten der ikonologischen Interpretation]  |d Regensburg : Schnell und Steiner, 2012  |w (DE-627)1561041017  |w (DE-576)491041012 
856 4 2 |u http://www.gbv.de/dms/weimar/toc/661732789_toc.pdf  |m V:DE-601  |m B:DE-Wim2  |x Verlag  |y Inhaltsverzeichnis  |3 Inhaltsverzeichnis  |7 1 
935 |i Blocktest 
936 r v |a LH 65829  |b Kinetische Kunst, Op art, Land art, Kybernetische Kunst, Mixed Media, Computerkunst, Environment, Rauminstallation, Videoinstallation  |k Kunstgeschichte  |k Allgemeines. Allgemeine Kunstgeschichte  |k Allgemeine Kunstgeschichte: Darstellungen  |k Darstellungen einzelner Epochen  |k Mittlere und neuere Kunstgeschichte  |k Neuzeit  |k 19. und 20. Jahrhundert  |k 20. Jahrhundert  |k Kinetische Kunst, Op art, Land art, Kybernetische Kunst, Mixed Media, Computerkunst, Environment, Rauminstallation, Videoinstallation  |0 (DE-627)1270636391  |0 (DE-625)rvk/94562:13113  |0 (DE-576)200636391 
936 r v |a LO 94035  |b Pop art  |k Kunstgeschichte  |k Kunst nach Ländern bzw. Kontinenten  |k Amerika  |k Kunstgeschichte der USA  |k Kunstgeschichte nach Epochen  |k 20. Jahrhundert  |k Pop art  |0 (DE-627)1270636367  |0 (DE-625)rvk/105705:  |0 (DE-576)200636367 
936 r v |a LH 65828  |b Pop art, Neuer Realismus, Sozialistischer Realismus  |k Kunstgeschichte  |k Allgemeines. Allgemeine Kunstgeschichte  |k Allgemeine Kunstgeschichte: Darstellungen  |k Darstellungen einzelner Epochen  |k Mittlere und neuere Kunstgeschichte  |k Neuzeit  |k 19. und 20. Jahrhundert  |k 20. Jahrhundert  |k Pop art, Neuer Realismus, Sozialistischer Realismus  |0 (DE-627)1270643967  |0 (DE-625)rvk/94562:13112  |0 (DE-576)200643967 
936 b k |a 21.99  |j Sonstige Kunstformen  |0 (DE-627)106405659 
936 b k |a 20.24  |j Gesellschaft  |j Kultur  |x Ikonographie  |0 (DE-627)106423622 
936 s n |a l300  |2 mzub 
951 |a BO 
990 |a Pop-Art 
990 |a Ikonologie 
991 |a Rezensiertes Werk 
999 |a KXP-PPN661732789  |e 4160022073